| 000 | 005210000a22001930004500 | ||
|---|---|---|---|
| 001 | 000946 | ||
| 003 | MACL | ||
| 005 | 20150731154043.0 | ||
| 008 | 150731b xxu||||| |||| 00| 0 eng d | ||
| 040 |
_aMACL _cMACL |
||
| 041 | _aEnglish | ||
| 082 | _a342/RAS | ||
| 100 |
_aRajasekhar, D. _93808 |
||
| 245 |
_aDecentralised Government And NGOs _bIssues , Strategies And Ways Forward _cD. Rajasekhar |
||
| 260 |
_aNew Delhi _c1999 _bConcept Publishing Company, |
||
| 350 | _a300 | ||
| 650 |
_aLaw _93809 |
||
| 942 |
_k342 _cBK _2ddc |
||
| 999 |
_c944 _d944 |
||